| 000 | 00794nam a2200205Ii 4500 | ||
|---|---|---|---|
| 003 | JO-AjNU | ||
| 008 | 230605s9999||||xx |||||||||||||| ||und|| | ||
| 017 | _a2007/5/1356 | ||
| 040 |
_aJO-AjNU _bara _erda _cJO-AjNU |
||
| 041 | _aara | ||
| 050 | 1 | 4 | _aBP135.A2.S94 2007 |
| 100 | 3 |
_aتاليف سلطان، ناظم محمد؛ تحقيق جمعة محمد حمدان, _eauthor _919410 |
|
| 245 | 0 | 0 | _aمختصر كتاب قواعد وفوائد من الأربعين النووية |
| 264 | 3 | 1 | _aعمان: جمعة محمد حمدان، 2007 |
| 300 | _a126ص | ||
| 336 |
_atext _btxt _2rdacontent |
||
| 337 |
_aunmediated _bn _2rdamedia |
||
| 338 |
_avolume _bnc _2rdacarrier |
||
| 650 | 4 |
_aالاسلام - الحديث الصحيح - تفسير الحديث - الفقة الاسلامي _919411 |
|
| 999 |
_aA6401 _c9969 _d9969 |
||